General irreducible Markov chains and non-negative operators

Αποθηκεύτηκε σε:
Λεπτομέρειες βιβλιογραφικής εγγραφής
Κύριος συγγραφέας: Nummelin, Esa
Μορφή: Βιβλίο
Γλώσσα:English
Δημοσίευση: Cambridge [Cambridgeshire] : New York : Cambridge University Press, 1984
Σειρά:Cambridge tracts in mathematics ; ; 83
Θέματα:
Ετικέτες: Προσθήκη ετικέτας
Δεν υπάρχουν, Καταχωρήστε ετικέτα πρώτοι!

MARC

LEADER 00000cam a2200000 i 4500
001 1/37082
008 941103s1984 eng d
020 |a 0521250056 
035 |l 10040407 
035 |a 1993 
040 |a GR-MY-UA  |b gre  |e aacr 
041 0 |a eng 
082 0 |a 519.233  |2 (19) 
100 1 |a Nummelin, Esa. 
245 1 0 |a General irreducible Markov chains and non-negative operators /  |c Esa Nummelin 
260 |a Cambridge [Cambridgeshire] :   |a New York :   |b Cambridge University Press,   |c 1984 
300 |a xi, 156 p.;  |c 24 cm 
490 1 |a Cambridge tracts in mathematics  |v ; 83 
500 |a Includes index 
504 |a Bibliography: p. 148-153 
650 0 0 |a Markov processes. 
650 0 0 |a Operator theory. 
650 0 0 |a Kernel functions. 
830 0 |a Cambridge tracts in mathematics ;  |v ; 83 
852 |a INST  |b SAMOS  |e 19941103  |h 519.233 NUM  |p 005300007059  |q 005300007059  |t BK  |y 0 
909 |a Σ  |b 030860